000 00632nam a2200241 a 4500
999 _c2008
_d2008
001 2008
003 BD-JhCC
005 20171028170734.0
008 171028s20112007bg ||||| ||a| 00| 0 eng d
020 _a9848758010
035 _a(BD-JhCC)2008
040 _aBD-JhCC
_dBD-JhCC
041 _amul.
082 _a512.182
_bANA 2011
245 _aAnalytic and Vector :
_bGeometry /
_cmd. Fazlur Rahman...[et al.].
260 _aDhaka :
_bTitas Publication,
_c2011.
300 _a550 p. :
_bills.;
_c18 cm.
650 _aVector analysis
651 _aGeometry
700 _aRahman, md. Fazlur
942 _2ddc
_cBK